Syntéza, štruktúrne a magnetické vlastnosti jedno- a viacjadrových komplexov železa s pentadentátnymi N3O2 Schiffovými ligandami diplomová práca

Salvato in:
Dettagli Bibliografici
Autore principale: Brchňáková, Barbora
Natura: Libro
Lingua:slovacco
Pubblicazione: Bratislava STU FCHPT 2015
Accesso online:Visualizza in OPAC
Tags: Aggiungi Tag
Nessun Tag, puoi essere il primo ad aggiungerne!!

MARC

LEADER 00000nam a2200000 a 4500
005 20260127134040.0
008 160107 2015 000 0 slo d
035 |a vtls011430593 
039 9 |y 201601071235  |z mschk03 
040 |a STUSCHK1  |b slo  |c STUSCHK1  |e AACR2 
100 1 |a Brchňáková, Barbora 
245 1 |a Syntéza, štruktúrne a magnetické vlastnosti jedno- a viacjadrových komplexov železa s pentadentátnymi N3O2 Schiffovými ligandami  |b diplomová práca  |c Barbora Brachňáková 
260 |a Bratislava  |b STU FCHPT  |c 2015 
300 |a 86 s.  |b il.  |c 25 cm 
500 |a Študijný program: technická chémia 
500 |a Študijný odbor: chemické technológie 
500 |a Školiace pracovisko: Odd. anorganickej chémie 
500 |a Evid. číslo: FCHPT-5459-68756 
910 |a SCHK95 
999 |c 2894  |d 2894